00966nam a2200217 a 450000100100000000500170001000800410002702000180006804000250008624501790011126000730029030000370036350000280040050000560042850000340048471000420051870000340056070000320059495201050062699900170073100004243720201002040145.0131202s2009 dr cf 001 0 spa d a9789945866766 aDO-SdBNPbspacBNPHU00aArte dominicano joven :. :bmárgenes, género, interacciones y nuevos territorios /ceditor, Rubén Lamarche; fotografía, Alain Bañon; Cumbre Nazca Saatchi & Saatchi. aSanto Domingo, :bFundación AES DominicanabCasa de Teatro,c2009. a248 p. :bretrs., lam. ;c29 cm. aIncluye bibliografías aUna publicación de Cumbre Nazca Saatchi & Saatchi aIncluye índice onomástico1 aCumbre Nazca Saatchi & Saatchi9695831 aLamarche, Rubénbed.9695841 aBañon, Alainefot.969585 0010718PDaPDbPDcCTd2013-12-02iLF1l0o p42437-10r2020-06-25w2020-06-25yLFPDZNo se presta c41926d41926